Normal view
MARC view
- مطر، حازم محمد ابراهيم، م مشارك جمانة محمد رمضان سيد
Entry Personal Name
001 - CONTROL NUMBER
- control field: 61642
003 - CONTROL NUMBER IDENTIFIER
- control field: JO-AjAnu
005 - DATE AND TIME OF LATEST TRANSACTION
- control field: 20230606084054.0
008 - FIXED-LENGTH DATA ELEMENTS
- fixed length control field: 230606|| aca||aabn | a|a d
040 ## - CATALOGING SOURCE
- Original cataloging agency: JO-AjAnu
- Transcribing agency: JO-AjAnu
100 ## - HEADING--PERSONAL NAME
- Personal name: مطر، حازم محمد ابراهيم، م مشارك جمانة محمد رمضان سيد
670 ## - SOURCE DATA FOUND
- Source citation: Work cat.: (JO-AjAnu)31441: مطر، حازم محمد ابراهيم، م مشارك جمانة محمد رمضان سيد , author, منهجية البحث العلمي في العلوم الاجتماعية والعلوم الانسانية